La ley.

সংরক্ষণ করুন:
গ্রন্থ-পঞ্জীর বিবরন
প্রধান লেখক: Vitoria, Francisco de (autor)
অন্যান্য লেখক: Frayle Delgado, Luis (estudio preliminar, traducción)
বিন্যাস: গ্রন্থ
ভাষা:স্প্যানিশ
প্রকাশিত: Madrid, España: Tecnos, 1995.
মালা:Colección Clásicos del Pensamiento, 109.
বিষয়গুলি:
ট্যাগগুলো: ট্যাগ যুক্ত করুন
কোনো ট্যাগ নেই, প্রথমজন হিসাবে ট্যাগ করুন!

MARC

LEADER 00000nam a2200000 a 4500
001 UCZ8956
003 CL-VaPUC
005 20220822114327.0
008 960126e19950000SP |||||||||||||||||spa|d
999 |c 244628  |d 244626 
020 |a 84-309-2618-6 
040 |c Pontificia Universidad Católica de Valparaíso 
082 0 4 |a 340.1 VIT 1995   |2 21 
100 0 |a Vitoria, Francisco de  |e autor  |9 255729 
245 1 3 |a La ley.  
260 |a Madrid, España:   |b Tecnos,  |c 1995.  
300 |a XXXVI,148 páginas.  
490 0 |a Colección Clásicos del Pensamiento, 109.  
500 |a c.2 Donación Familia Prof. Alejandro Guzmán Brito. 
583 |a last modification  |c 19960126 00:00:00  |k Rodrigo Vera 
650 0 |a Filosofía del derecho   |9 255050 
650 0 |a Teoría de la ley  |9 354245 
700 |a Frayle Delgado, Luis   |e estudio preliminar  |e traducción  |9 865429 
942 |c BK  |2 ddc  |n 0 
945 |d 19960126 00:00:00  |a rleighto 
952 |0 0  |1 0  |4 0  |6 340_100000000000000_VIT_1995  |7 0  |8 DER_TF  |9 258755  |a BIBDER  |b BIBDER  |d 2019-11-19  |i 3172252  |o 340.1 VIT 1995  |p 3172252  |r 2023-01-25  |w 2019-11-19  |x Ubicación 4to Piso  |y BK  |z Estos recursos deben solicitarse con anticipación  |k DER 
952 |0 0  |1 0  |2 ddc  |4 0  |6 340_100000000000000_VIT_1995  |7 1  |8 C_AGB  |9 579801  |a BIBDER  |b BIBDER  |d 2021-12-27  |e Donación   |i 5631319   |o 340.1 VIT 1995  |p 5631319  |r 2023-01-25  |t 2  |w 2021-12-27  |y BK_US  |k AGB